Online Catalogue and eLibrary

Ceylon under the British Occupation (Record no. 5976)

MARC details
000 -LEADER
fixed length control field 00552nam a22001697a 4500
005 - DATE AND TIME OF LATEST TRANSACTION
control field 20250213005657.0
008 - FIXED-LENGTH DATA ELEMENTS--GENERAL INFORMATION
fixed length control field 250213b |||||||| |||| 00| 0 eng d
020 ## - INTERNATIONAL STANDARD BOOK NUMBER
ISBN 8170131405
082 ## - DDC Classification
DDC Edition Number 22
Class No. 954.93
Item Number - Author Mark CEY
100 ## - MAIN ENTRY--PERSONAL NAME
Personal name Silva, DE R. Colvin
245 ## - TITLE STATEMENT
Title Ceylon under the British Occupation
Remainder of title 1795-1833
250 ## - EDITION STATEMENT
Edition statement 3rd
260 ## - PUBLICATION, DISTRIBUTION, ETC.
Place of publication, distribution, etc. New Delhi
Name of publisher, distributor, etc. Navarang
Date of publication, distribution, etc. 1953
300 ## - PHYSICAL DESCRIPTION
Extent (e.g. Volumes, Pages etc.) xi, 341 p ., ( V - 1)
500 ## - GENERAL NOTE
General note This book is an attempt to present a reasonably detailed and accurate account of the early period of British rule in Ceylon.
942 ## - Koha item type (Biblio)
Koha item type Books in Stacks (Lending)
Holdings
Lost status Damaged status Collection code Home library Current library Date acquired Full call number Accession Number Item type
    Lending WERC Library WERC Library 02/13/2025 954.93 CEY 5093 Books in Stacks (Lending)
    Lending WERC Library WERC Library 02/13/2025 954.93 CEY 5110 Books in Stacks (Lending)

© WERC Library